000 01156nam a2200265 i 4500
001 183082
003 ES-MaACL
005 20240430133451.0
008 140115s2012 sp | |||||||| | spa d
020 _a978-84-9895-094-6
080 _a821.134.2-14"19"
100 1 _aJiménez, Juan Ramón,
_d1881-1958
_966417
245 1 3 _aLa frente pensativa :
_b(1911-1912) ; Pureza (1912) ; El silencio de oro (1911-1913) ; Idilios (1912-1913) ; Monumento de amor (1913-1916) ; Ornato (1913-19--) ; Ellos (1918-19--) /
_c[Juan Ramón Jiménez] ; textos preparados por Francisco Silvera ; prólogo de Jenaro Talens.
260 _aMadrid :
_bVisor Libros ;
_a[Huelva] :
_bDiputación de Huelva,
_cD.L. 2012.
300 _a330 p. ;
_c20 cm.
490 1 _aObras de Juan Ramón Jiménez ;
_v20
490 1 _aPoesía escojida ;
_v3
700 1 _aSilvera, Francisco.
_9140762
700 _aTalens, Jenaro,
_d1946-
_9235316
830 0 _aObras de Juan Ramón Jiménez
_v20
_9191022
830 0 _aPoesía escojida ;
_v3
_9191442
852 _aES-MaACL
_jA-13036
_9190016
_bR.149846
_cDEPO1
_dOlim: N-6036
942 _2udc
_cMONOGRAFIA
999 _c183082
_d183082